[Event "Mittelrhein Verbandsliga-W 15/16"]
[Site "Nordrheinwestfalen"]
[Date "2016.03.13"]
[Round "9.8"]
[White "Koch, Walter1"]
[Black "Reich, Andreas"]
[Result "0-1"]
[WhiteElo "1769"]
[BlackElo "1751"]
[PlyCount "84"]
[EventDate "2015.09.06"]
[EventType "team-tourn"]
[EventRounds "11"]
[EventCountry "GER"]
[SourceTitle "EXT 2022"]
[Source "ChessBase"]
[SourceDate "2021.10.06"]
[SourceVersion "1"]
[SourceVersionDate "2021.10.06"]
[SourceQuality "1"]
[WhiteTeam "Herzogenrath"]
[BlackTeam "Dueren Derichsweiler"]
[WhiteTeamCountry "GER"]
[BlackTeamCountry "GER"]

1. e4 e6 2. d4 d5 3. Nd2 c5 4. exd5 exd5 5. Bb5+ Nc6 6. Qe2+ Be6 7. dxc5 Bxc5 8. Nb3 Be7 9. Nf3 Nf6 10. Nbd4 Bd7 11. c3 0-0 12. 0-0 Re8 13. Qd3 a6 14. Ba4 Ne4 15. Bc2 Bd6 16. h3 Qf6 17. Be3 Bxh3 18. gxh3 Qg6+ 19. Kh1 Qh5 20. Ng1 Qe5 21. Ndf3 Qh5 22. Qe2 Re6 23. Bxe4 dxe4 24. Ng5 Qxe2 25. Nxe2 Re7 26. h4 h6 27. Nh3 Ne5 28. Nhf4 Nf3 29. Ng2 g5 30. Nd4 Re5 31. Rfd1 Be7 32. hxg5 hxg5 33. Nxf3 exf3 34. Ne1 g4 35. Nd3 Rh5+ 36. Kg1 Kg7 37. Nf4 Rh4 38. Bd4+ f6 39. Re1 Bd6 40. Nd5 Bh2+ 41. Kf1 Be5 42. Kg1 Rah8 0-1

[Event "Mittelrhein-ch"]
[Site "Germany"]
[Date "2013.05.30"]
[Round "2"]
[White "Raupach, Gregor"]
[Black "Reich, Andreas"]
[Result "1/2-1/2"]
[WhiteElo "1936"]
[BlackElo "1852"]
[PlyCount "46"]
[EventDate "2013.05.29"]
[EventType "swiss"]
[EventRounds "5"]
[EventCountry "GER"]
[SourceTitle "EXT 2015"]
[Source "ChessBase"]
[SourceDate "2014.11.20"]
[SourceVersion "1"]
[SourceVersionDate "2014.11.20"]
[SourceQuality "1"]

1. d4 Nf6 2. c4 e6 3. Nc3 d5 4. Nf3 Nbd7 5. Bg5 Be7 6. e3 0-0 7. Rc1 c6 8. Ne5 Nxe5 9. dxe5 Nd7 10. Bxe7 Qxe7 11. f4 f6 12. exf6 Qxf6 13. Be2 d4 14. Qxd4 Qxd4 15. exd4 Rxf4 16. Rd1 Nb6 17. b3 Bd7 18. g3 Rff8 19. Ne4 Rad8 20. Bg4 e5 21. Bxd7 Rxd7 22. dxe5 Re7 23. Rf1 Rxe5 1/2-1/2

[Event "Ruhrgebiet VK3 0910"]
[Site "Ruhrgebiet"]
[Date "2010.02.21"]
[Round "7.8"]
[White "Davydov, Boris"]
[Black "Reich, Andreas"]
[Result "1-0"]
[WhiteElo "1735"]
[BlackElo "1797"]
[PlyCount "65"]
[EventDate "2009.09.06"]
[EventType "team"]
[EventRounds "9"]
[EventCountry "GER"]
[SourceTitle "EXT 2011"]
[Source "ChessBase"]
[SourceDate "2010.11.26"]
[SourceVersion "1"]
[SourceVersionDate "2010.11.26"]
[SourceQuality "1"]
[WhiteTeam "Marten Boevinghausen"]
[BlackTeam "Listiger Bauer"]
[WhiteTeamCountry "GER"]
[BlackTeamCountry "GER"]

1. d4 d5 2. c4 c6 3. Nc3 Nf6 4. e3 g6 5. Nf3 Bg7 6. Bd3 0-0 7. 0-0 Re8 8. h3 Nbd7 9. cxd5 cxd5 10. Qb3 e6 11. Bd2 a6 12. a4 Bf8 13. Ne2 Bd6 14. Bc3 Nh5 15. a5 f5 16. Bb4 Qe7 17. Bxd6 Qxd6 18. Qa3 Qb8 19. Rfc1 Nhf6 20. Rc2 Ne4 21. Rac1 h6 22. Rc7 Ndc5 23. R7xc5 Nxc5 24. Qxc5 Bd7 25. Ne5 Qd8 26. Qc7 Qxc7 27. Rxc7 Bb5 28. Bxb5 axb5 29. Nxg6 Rxa5 30. Rxb7 Raa8 31. Ng3 Rab8 32. Rc7 Rbc8 33. Rxc8 1-0

[Event "Ruhrgebiet VK3 0910"]
[Site "Ruhrgebiet"]
[Date "2010.02.07"]
[Round "6.8"]
[White "Reich, Andreas"]
[Black "Imcke, Patrick"]
[Result "0-1"]
[WhiteElo "1797"]
[BlackElo "1681"]
[PlyCount "110"]
[EventDate "2009.09.06"]
[EventType "team"]
[EventRounds "9"]
[EventCountry "GER"]
[SourceTitle "EXT 2011"]
[Source "ChessBase"]
[SourceDate "2010.11.26"]
[SourceVersion "1"]
[SourceVersionDate "2010.11.26"]
[SourceQuality "1"]
[WhiteTeam "Listiger Bauer"]
[BlackTeam "Katernberg III"]
[WhiteTeamCountry "GER"]
[BlackTeamCountry "GER"]

1. f4 d5 2. Nf3 c5 3. e3 Nc6 4. b3 Bg4 5. Be2 e6 6. Bb2 Bxf3 7. Bxf3 Nf6 8. 0-0 Bd6 9. d3 Qe7 10. Nd2 0-0-0 11. g3 e5 12. Bg2 h5 13. fxe5 Nxe5 14. e4 Nfg4 15. Qe2 Kb8 16. Bh3 d4 17. Bxg4 hxg4 18. Rf2 Bc7 19. Raf1 Rh3 20. Rg2 Rdh8 21. Rff2 Ba5 22. Nf1 Nf3+ 23. Kh1 Be1 24. Rxf3 gxf3 25. Qxf3 Ba5 26. Bc1 Bc7 27. Qg4 R3h7 28. Qf5 Rh5 29. Qg4 R5h7 30. Nd2 f6 31. a4 Rf8 32. Qf5 Rhh8 33. Ba3 b6 34. Nf3 Be5 35. Nh4 Bxg3 36. Ng6 Qc7 37. Nxf8 Bxh2 38. Ng6 Rh6 39. Bc1 Bf4+ 40. Kg1 Bxc1 41. Nf8 Be3+ 42. Kf1 Rh1+ 43. Ke2 Rg1 44. Qh3 Qf4 45. Qh2 Qxh2 46. Rxh2 Kc7 47. Kf3 Kd6 48. Rg2 Rxg2 49. Kxg2 g5 50. e5+ Kxe5 51. Nd7+ Ke6 52. Nb8 Kd6 53. b4 cxb4 54. Kf3 a5 55. Ke4 Kc7 0-1

[Event "Ruhrgebiet VK3 0910"]
[Site "Ruhrgebiet"]
[Date "2010.01.10"]
[Round "5.8"]
[White "Schaedlich, Andreas"]
[Black "Reich, Andreas"]
[Result "0-1"]
[WhiteElo "1851"]
[BlackElo "1797"]
[PlyCount "100"]
[EventDate "2009.09.06"]
[EventType "team"]
[EventRounds "9"]
[EventCountry "GER"]
[SourceTitle "EXT 2011"]
[Source "ChessBase"]
[SourceDate "2010.11.26"]
[SourceVersion "1"]
[SourceVersionDate "2010.11.26"]
[SourceQuality "1"]
[WhiteTeam "Wacker Bergeborbeck"]
[BlackTeam "Listiger Bauer"]
[WhiteTeamCountry "GER"]
[BlackTeamCountry "GER"]

1. e4 e6 2. d4 d5 3. exd5 exd5 4. Nf3 Bd6 5. Bd3 Nf6 6. h3 h6 7. 0-0 0-0 8. Be3 Re8 9. Nc3 Nc6 10. Re1 a6 11. a3 Ne7 12. Ne2 Bf5 13. c4 Bxd3 14. Qxd3 dxc4 15. Qxc4 Ned5 16. Nc3 c6 17. Bd2 Qc7 18. Qd3 Re7 19. Rxe7 Nxe7 20. Re1 Rd8 21. Ne4 Nxe4 22. Qxe4 Nd5 23. Qh4 Be7 24. Qe4 Bd6 25. Qh4 Be7 26. Qe4 Bf6 27. Qg4 Kf8 28. Ne5 Bxe5 29. dxe5 Re8 30. Qf5 Ne7 31. Qg4 Ng6 32. e6 Ne5 33. Qf5 Rxe6 34. Bf4 Nf3+ 35. gxf3 Rxe1+ 36. Kg2 Qd8 37. Qh7 Qf6 38. Qh8+ Ke7 39. Qb8 Qe6 40. Qxb7+ Kf6 41. Qxa6 Kg6 42. Qb6 f5 43. Qc5 Kh7 44. Qd4 Qe2 45. Be3 Qf1+ 46. Kg3 Qg1+ 47. Kh4 Qg6 48. a4 Rg1 49. Qd8 Qf7 50. f4 Qg6 0-1

[Event "Ruhrgebiet VK3 0910"]
[Site "Ruhrgebiet"]
[Date "2009.11.08"]
[Round "3.8"]
[White "Buthmann, Ralf"]
[Black "Reich, Andreas"]
[Result "1-0"]
[WhiteElo "1733"]
[BlackElo "1797"]
[PlyCount "82"]
[EventDate "2009.09.06"]
[EventType "team"]
[EventRounds "9"]
[EventCountry "GER"]
[SourceTitle "EXT 2011"]
[Source "ChessBase"]
[SourceDate "2010.11.26"]
[SourceVersion "1"]
[SourceVersionDate "2010.11.26"]
[SourceQuality "1"]
[WhiteTeam "Haltern"]
[BlackTeam "Listiger Bauer"]
[WhiteTeamCountry "GER"]
[BlackTeamCountry "GER"]

1. c4 e5 2. g3 Nc6 3. Bg2 g6 4. Nc3 Bg7 5. d3 Nge7 6. e4 0-0 7. Nge2 d6 8. 0-0 Bd7 9. h3 Rb8 10. Be3 a6 11. Nd5 Nxd5 12. cxd5 Ne7 13. d4 f6 14. a4 Kh8 15. Qd2 f5 16. dxe5 dxe5 17. f3 fxe4 18. fxe4 Ng8 19. Nc3 Qe8 20. b3 Qe7 21. Rfc1 Rbc8 22. Ne2 Rf7 23. Bc5 Qe8 24. g4 b6 25. Be3 a5 26. Rc4 Bf8 27. Rac1 Bd6 28. Qc3 Qe7 29. Qd2 Qf8 30. Nc3 h6 31. Nb5 Bxb5 32. axb5 Kh7 33. Bxb6 Rb8 34. Bxa5 Rxb5 35. Bxc7 Rxb3 36. Bxd6 Qxd6 37. Qa5 Rbb7 38. Rc6 Qb8 39. Qc3 Qa7+ 40. Kh1 Qf2 41. Rf1 Rb1 1-0

[Event "Ruhrgebiet VK3 0910"]
[Site "Ruhrgebiet"]
[Date "2009.09.06"]
[Round "1.6"]
[White "Klein, Andreas2"]
[Black "Reich, Andreas"]
[Result "1-0"]
[WhiteElo "1683"]
[BlackElo "1797"]
[PlyCount "79"]
[EventDate "2009.09.06"]
[EventType "team"]
[EventRounds "9"]
[EventCountry "GER"]
[SourceTitle "EXT 2011"]
[Source "ChessBase"]
[SourceDate "2010.11.26"]
[SourceVersion "1"]
[SourceVersionDate "2010.11.26"]
[SourceQuality "1"]
[WhiteTeam "Gelsenkirchen"]
[BlackTeam "Listiger Bauer"]
[WhiteTeamCountry "GER"]
[BlackTeamCountry "GER"]

1. e4 e6 2. d4 d5 3. Nd2 Nf6 4. e5 Nfd7 5. Bd3 c5 6. c3 Nc6 7. Ne2 Qb6 8. Nf3 Be7 9. 0-0 Nf8 10. Rb1 cxd4 11. cxd4 Nb4 12. Qb3 Nxd3 13. Qxd3 Bd7 14. Nc3 a5 15. Re1 Ng6 16. Bg5 Rc8 17. Bxe7 Nxe7 18. Qd2 0-0 19. Ne2 Rc4 20. b3 Rc7 21. Ng3 Rfc8 22. Rbc1 h6 23. h3 Rxc1 24. Rxc1 Rxc1+ 25. Qxc1 Bb5 26. Qc2 Nc6 27. Qd2 Ba6 28. Qf4 Qb4 29. Nh5 Bd3 30. Nxg7 Kxg7 31. Qf6+ Kg8 32. Qxh6 Qf8 33. Qe3 Be4 34. Nh2 Qg7 35. f3 Bh7 36. Ng4 Ne7 37. Nf6+ Kh8 38. Qc3 Nc6 39. Qc5 Qg3 40. Qf8+ 1-0

[Event "Ruhrgebiet VK1 0001"]
[Site "Ruhrgebiet"]
[Date "2001.03.18"]
[Round "7"]
[White "Reich, Andreas"]
[Black "Troske, Carsten"]
[Result "1-0"]
[WhiteElo "1708"]
[BlackElo "1864"]
[PlyCount "59"]
[EventDate "2000.09.17"]
[EventType "team-tourn"]
[EventRounds "9"]
[EventCountry "GER"]
[SourceTitle "EXT 2023"]
[Source "ChessBase"]
[SourceDate "2022.10.05"]
[SourceVersion "1"]
[SourceVersionDate "2022.10.05"]
[SourceQuality "1"]
[WhiteTeam "Essen Listiger Bauer"]
[BlackTeam "Mengede SG"]
[WhiteTeamCountry "GER"]
[BlackTeamCountry "GER"]

1. e4 e6 2. d4 d5 3. Nd2 Nf6 4. e5 Nfd7 5. f4 c5 6. c3 Nc6 7. Ngf3 Be7 8. Bd3 Qb6 9. dxc5 Nxc5 10. Bc2 a5 11. Nb3 Nxb3 12. axb3 Bc5 13. Qe2 Ra7 14. g3 Bd7 15. Kf1 d4 16. Kg2 dxc3 17. bxc3 Ne7 18. Rd1 Bc6 19. Bd2 Nd5 20. Rab1 h6 21. h3 Be3 22. c4 Bxd2 23. cxd5 Bxd5 24. Rxd2 Qc6 25. Kf2 Ke7 26. Nd4 Qb6 27. Qe3 Kd7 28. Nf5 Qxe3+ 29. Nxe3 Kc6 30. Rc1 1-0